000 00457nam a22001697a 4500
003 BD-ChCU
005 20251218112331.0
008 251218b bg ||||| |||| 00| 0 ben d
040 _cBD-ChCU
082 _a370.15 STI
100 _aStones , E.
_918328
245 _aAn introduction to educational psychology ./
_cE. Stones ,
260 _aLondon :
_bE.L.B.S.
_cC 1972
300 _a424p
650 0 _aEducational psychology.
_918329
942 _2ddc
_cBK
_n0
999 _c110547
_d110547